Statystyki dla Złote karty zawodników Premier League w EA FC 24

Kliknij tutaj aby rozwiązać quiz!

Ogólne statystyki

  • Ten quiz został rozwiązany 21 razy
  • Średni wynik to 104 z 331

Statystyki odpowiedzi

OverallKlubZawodnik% Poprawnych
91Manchester CityErling Haaland
100%
89LiverpoolAlisson
94%
89Manchester UnitedCasemiro
94%
75EvertonDele Alli
94%
79WolverhamptonJose Sa
94%
91Manchester CityKevin de Bruyne
94%
89LiverpoolMohamed Salah
94%
86ArsenalBukayo Saka
89%
89Manchester CityRodri
89%
89Manchester CityRuben Dias
89%
88Manchester CityBernardo Silva
83%
88Manchester CityEderson
83%
76WolverhamptonJoao Gomes da Silva
83%
84ChelseaThiago Silva
83%
89LiverpoolVirgil van Dijk
83%
86LiverpoolAndrew Robertson
78%
75BurnleyConnor Roberts
78%
84ArsenalGabriel Martinelli
78%
87TottenhamHueng-min Son
78%
85Manchester CityJohn Stones
78%
85NewcastleKieran Trippier
78%
84Manchester CityKyle Walker
78%
78TottenhamMicky van de Ven
78%
86LiverpoolTrent Alexander-Arnold
78%
76EvertonAmadou Onana
72%
85Manchester UnitedAndre Onana
72%
88Manchester UnitedBruno Fernandes
72%
85ArsenalDeclan Rice
72%
84ArsenalGabriel Jesus
72%
85Manchester CityJack Grealish
72%
85Manchester UnitedMarcus Rashford
72%
87ArsenalMartin Odegaard
72%
85Manchester CityPhil Foden
72%
85Manchester UnitedRaphael Varane
72%
86NewcastleSandro Tonali
72%
85ArsenalThomas Partey
72%
84ArsenalAaron Ramsdale
67%
80Manchester UnitedAaron Wan-Bissaka
67%
86ChelseaChristopher Nkunku
67%
85LiverpoolDiogo Jota
67%
85Aston VillaEmiliano Martinez
67%
84ArsenalGabriel
67%
84Manchester UnitedLisandro Martinez
67%
77Nottingham ForestMorgan Gibbs-White
67%
81Manchester CityNathan Ake
67%
81NewcastleAlexander Isak
61%
80ArsenalBen White
61%
84NewcastleBruno Guimaraes
61%
82NewcastleCallum Wilson
61%
83LiverpoolCody Gakpo
61%
82LiverpoolDarwin Nunez
61%
81West HamEdson Alvarez
61%
83ChelseaEnzo Fernandez
61%
79Manchester UnitedHarry Maguire
61%
75FulhamHarry Wilson
61%
83TottenhamHugo Lloris
61%
80Manchester CityJulian Alvarez
61%
83Manchester UnitedLuke Shaw
61%
82Manchester CityManuel Akanji
61%
84NewcastleNick Pope
61%
83ChelseaRaheem Sterling
61%
76Manchester UnitedRasmus Hojlund
61%
84ChelseaReece James
61%
83ArsenalWilliam Saliba
61%
83Manchester UnitedChristian Eriksen
56%
82LiverpoolDominik Szoboszlai
56%
84TottenhamJames Maddison
56%
82Manchester CityJosko Gvardiol
56%
84LiverpoolLuis Diaz
56%
82Manchester CityMateo Kovacić
56%
78ChelseaNicolas Jackson
56%
80ArsenalOleksandr Zinchenko
56%
79ChelseaRobert Sanchez
56%
79Manchester CityStefan Ortega
56%
75Manchester UnitedAlejandro Garnacho
50%
82LiverpoolAlexis Mac Allister
50%
80Manchester UnitedAnthony Martial
50%
81Manchester UnitedAntony
50%
82TottenhamChristian Romero
50%
75ArsenalEddie Nketiah
50%
82TottenhamGugliermo Vicario
50%
77Manchester CityJeremy Doku
50%
79LiverpoolJoe Gomez
50%
82NewcastleJoelinton
50%
80LiverpoolJoel Matip
50%
82EvertonJordan Pickford
50%
82ArsenalKai Havertz
50%
81BrightonLewis Dunk
50%
79Manchester CityMatheus Nunes
50%
80Aston VillaOllie Watkins
50%
84LiverpoolThiago Alcantara
50%
80Manchester UnitedVictor Lindelof
50%
81ChelseaBen Chilwell
44%
80Manchester UnitedDiogo Dalot
44%
75BournemouthDominic Solanke
44%
79Crystal PalaceEberechi Eze
44%
79Aston VillaEzri Konsa
44%
83ArsenalJorginho
44%
79West HamŁukasz Fabiański
44%
79Aston VillaMatty Cash
44%
79West HamMohammed Kudus
44%
84Aston VillaMoussa Diaby
44%
83Aston VillaPau Torres
44%
80TottenhamRicharlison
44%
83NewcastleSven Botman
44%
78ArsenalTakehiro Tomiyasu
44%
80Aston VillaAlex Moreno
39%
79ChelseaAxel Disasi
39%
78ChelseaConor Gallagher
39%
77LiverpoolCurtis Jones
39%
80ArsenalDavid Raya
39%
81TottenhamDejan Kulusevski
39%
77TottenhamEric Dier
39%
81LiverpoolIbrahima Konate
39%
83FulhamJoao Palhinha
39%
80BrightonKaoru Mitoma
39%
77LiverpoolKonstantinos Tsimikas
39%
81TottenhamPedro Porro
39%
79Manchester UnitedScott McTominay
39%
78West HamAlphonse Areola
33%
78ChelseaBenoit Badiashile
33%
79Crystal PalaceDean Henderson
33%
77EvertonDominic Calvert-Lewin
33%
77LiverpoolHarvey Elliott
33%
82Manchester UnitedJadon Sancho
33%
79Manchester CityKalvin Phillips
33%
79West HamKurt Zouma
33%
79Aston VillaLeon Bailey
33%
79ChelseaMarc Cucurella
33%
81Manchester UnitedMason Mount
33%
78Crystal PalaceMichael Olise
33%
81NewcastleMiguel Almiron
33%
80ChelseaMoises Caicedo
33%
75ChelseaMykhailo Mudryk
33%
78BournemouthNeto
33%
77WolverhamptonPedro Neto
33%
78Manchester UnitedTyrell Malacia
33%
80LiverpoolWataru Endo
33%
82Aston VillaYouri Tielemans
33%
75NewcastleAnthony Gordon
28%
75ChelseaArmando Broja
28%
79BrentfordBen Mee
28%
78BrentfordBryan Mbeumo
28%
77TottenhamDestiny Udogie
28%
76WolverhamptonHwang Hee Chan
28%
77BrightonJames Milner
28%
78West HamJames Ward-Prowse
28%
79West HamJarrod Bowen
28%
79ArsenalJurrien Timber
28%
82BrentfordMark Flekken
28%
77Nottingham ForestMatt Turner
28%
81Nottingham ForestOdysseas Vlachodimos
28%
84TottenhamPierre-Emile Hojbjerg
28%
76FulhamRaul Jimenez
28%
79West HamTomas Soucek
28%
79Aston VillaTyrone Mings
28%
79ChelseaWesley Fofana
28%
76FulhamAdama Traore
22%
76BrightonAdam Lallana
22%
77FulhamAndreas Pereira
22%
77TottenhamBen Davies
22%
75Aston VillaBertrand Traore
22%
77TottenhamBryan Gil
22%
81Aston VillaDiego Carlos
22%
78ArsenalEmile Smith Rowe
22%
82NewcastleFabian Schar
22%
81TottenhamGiovani Lo Celso
22%
76BournemouthHamed Traore
22%
75Manchester UnitedJonny Evans
22%
81ArsenalLeandro Trossard
22%
79Aston VillaLucas Digne
22%
81West HamLucas Paqueta
22%
78Crystal PalaceMarc Guehi
22%
78WolverhamptonNelson Semedo
22%
78BrightonPascal Gross
22%
82TottenhamRodrigo Bentancur
22%
79LiverpoolRyan Gravenberch
22%
78Machester UnitedSergio Reguilon
22%
77ChelseaTrevor Chalobah
22%
78West HamVladimir Coufal
22%
77EvertonAbdoulaye Doucoure
17%
77EvertonAndre Gomes
17%
76FulhamAntonee Robinson
17%
81FulhamBernd Leno
17%
76TottenhamBrennan Johnson
17%
80Aston VillaBuendia
17%
78Crystal PalaceCheick Doucoure
17%
75Nottingham ForestChris Wood
17%
77WolverhamptonCraig Dawson
17%
79NewcastleDan Burn
17%
77West HamDanny Ings
17%
77Manchester UnitedDonny van de Beek
17%
79Aston VillaDouglas Luiz
17%
77West HamEmerson
17%
78TottenhamEmerson
17%
77ArsenalFabio Vieira
17%
78Nottingham ForestFelipe
17%
80NewcastleHarvey Barnes
17%
79TottenhamIvan Perisić
17%
76EvertonJack Harrison
17%
79EvertonJames Tarkowski
17%
79Aston VillaJohn McGinn
17%
76ChelseaMalo Gusto
17%
76BournemouthMarcos Senesi
17%
78WolverhamptonMario Lemina
17%
78NewcastleMartin Dubravka
17%
78WolverhamptonMatheus Cunha
17%
76WolverhamptonMax Kilman
17%
78West HamMichail Antonio
17%
76BrentfordMikkel Damsgaard
17%
75ArsenalMohamed Elneny
17%
75Crystal PalaceOdsonne Edouard
17%
77TottenhamOliver Skipp
17%
77West HamPablo Fornals
17%
80BrightonPervis Estupinan
17%
78BrentfordRico Henry
17%
76Crystal PalaceSam Johnstone
17%
78NewcastleSean Longstaff
17%
78Nottingham ForestSerge Aurier
17%
76Crystal PalaceTyrick Mitchell
17%
75EvertonVitaliy Mykolenko
17%
77FulhamWillian
17%
77BrentfordYoane Wissa
17%
79TotenhamYves Bissouma
17%
75WolverhamptonAit-Nouri
11%
76Manchester UnitedAltay Bayindir
11%
76West HamAngelo Ogbonna
11%
78BrightonAnsu Fati
11%
81EvertonArnaut Danjuma
11%
75BrightonBart Verbruggen
11%
75EvertonBen Godfrey
11%
80Aston VillaBoubacar Kamara
11%
75Nottingham ForestCallum Hudson-Odoi
11%
77Aston VillaClement Lenglet
11%
75Nottingham ForestDivock Origi
11%
76EvertonDwight McNeil
11%
76TottenhamFraser Forster
11%
79Nottingham ForestGonzalo Montiel
11%
81Nottingham ForestIbrahim Sangare
11%
78FulhamIssa Diop
11%
78Aston VillaJacob Ramsey
11%
75NewcastleJamaal Lascelles
11%
75Crystal PalaceJean-Philippe Mateta
11%
78Crystal PalaceJoachim Andersen
11%
78BrightonJoel Veltman
11%
76WolverhamptonJonny
11%
78NewcastleJoseph Willock
11%
77BournemouthJustin Kluivert
11%
78West HamKonstantinos Mavropanos
11%
78BournemouthLuis Sinisterra
11%
77TottenhamManor Solomon
11%
75BournemouthMarcus Tavernier
11%
76NewcastleMatt Targett
11%
77EvertonMichael Keane
11%
79West HamNayef Aguerd
11%
77ChelseaNoni Madueke
11%
75WolverhamptonRayan Ait Nouri
11%
76Crystal PalaceRob Holding
11%
75Aston VillaRobin Olsen
11%
75TottenhamRyan Sessegnon
11%
75BurnleySander Berge
11%
77WolverhamptonSasa Kalajdzić
11%
80Manchester UnitedSofyan Amrabat
11%
79BrightonSolly March
11%
77Nottingham ForestTaiwo Awoniyi
11%
75BrightonTariq Lamptey
11%
77FulhamTimothy Castagne
11%
76BrentfordVitaly Janelt
11%
76Nottingham ForestWilly Boly
11%
75Manchester CityZack Steffen
11%
77West HamAaron Cresswell
6%
78BrightonAdam Webster
6%
75Sheffield UnitedAnel Ahmedhodzic
6%
75BurnleyArijanet Muric
6%
76EvertonAshley Young
6%
76FulhamBobby Decordova-Reid
6%
77BrentfordChristian Norgaard
6%
76BrightonDanny Welbeck
6%
79BrentfordEthan Pinnock
6%
76FulhamHarrison Reed
6%
77EvertonIdrissa Gueye
6%
76NewcastleJacob Murphy
6%
75WolverhamptonJean-Ricner Bellegarde
6%
77Crystal PalaceJefferson Lerma
6%
76Crystal PalaceJeffrey Schlupp
6%
75BurnleyJordan Beyer
6%
75BurnleyJosh Brownhill
6%
75Aston VillaLeander Dendoncker
6%
78BrightonMahmoud Dahoud
6%
76BrentfordMathias Jensen
6%
75WolverhamptonMatt Doherty
6%
77Nottingham ForestMoussa Niakhate
6%
77BurnleyNathan Redmond
6%
77Nottingham ForestNicolas Dominguez
6%
81EvertonNorberto Betuncal
6%
76Nottingham ForestOrel Mangala
6%
78WolverhamptonPablo Sarabia
6%
79Aston VillaPhilippe Coutinho
6%
75Nottingham ForestRyan Yates
6%
78West HamSaid Benrahma
6%
77WolverhamptonSantiago Bueno
6%
75EvertonSeamus Coleman
6%
76West HamThilo Kehrer
6%
77FulhamTosin Adarabioyo
6%
78BournemouthTyler Adams
6%
76BrentfordAaron Hickey
0%
75TottenhamAlejo Veliz
0%
76FulhamAlex Iwobi
0%
75Nottingham ForestCheikhou Kouyate
0%
76WolverhamptonDaniel Podence
0%
76Nottingham ForestDanilo Santos de Oliveira
0%
75Nottingham ForestDennis
0%
75Sheffied UnitedGustavo Hamer
0%
76BrightonIgor
0%
75Nottingham ForestJonjo Shelvey
0%
76BurnleyJosh Cullen
0%
76FulhamKenny Tete
0%
75BrentfordKristoffer Ajer
0%
75FulhamMarek Rodak
0%
76West HamMaxwel Cornet
0%
78BurnleyMike Trésor Ndayishimiye
0%
75BournemouthMilos Kerkez
0%
76BrentfordNathan Collins
0%
78ArsenalNicolas Pepe
0%
80Aston VillaNicolo Zaniolo
0%
76Nottingham ForestNuno Tavares
0%
77BournemouthPhilip Billing
0%
77FulhamSasa Lukić
0%
75Sheffield UnitedSouza
0%
75FulhamVinicius
0%
75Sheffield UnitedWes Foderingham
0%

Rozkład punktacji

Percentyl według liczby udzielonych odpowiedzi

Procent ludzi z każdym wynikiem

Twoja historia wyników

Nie rozwiązałeś tego quizu